000 00863nam a2200253Ia 4500
008 191130s2001##################000#0#eng##
020 _a9780815340638
022 _a2001038717
040 _aACL
_cACL
082 _a345.7304 FIN
245 _aThe role of mental illness in criminal trials
_cedited with introductions by Jane Campbell Moriarty
260 _aNew York ; London
_bRoutledge
_c2001
300 _a3 v. ; 24 cm. ;
500 _aIncludes bibliographical references
650 _aCompetency to stand trial - United States
650 _aCriminal liability - United States
650 _aForensic psychiatry - United States
650 _aInsanity (Law) - United States
650 _aInsanity defense - United States
700 _aMoriarty, Jane Campbell
990 _a6dfb990eac10000c68aa12274f164536
991 _a311246
999 _c296011
_d296011